Ma darns her sock : (Record no. 112800)
[ view plain ]
| 000 -LEADER | |
|---|---|
| fixed length control field | 00649nam a2200205 a 4500 |
| 001 - CONTROL NUMBER | |
| control field | 2195 |
| 005 - DATE AND TIME OF LATEST TRANSACTION | |
| control field | 20140414131951.0 |
| 008 - FIXED-LENGTH DATA ELEMENTS--GENERAL INFORMATION | |
| fixed length control field | 020829s19uu xx 00 eng d |
| 020 ## - INTERNATIONAL STANDARD BOOK NUMBER | |
| International Standard Book Number | 1-74078-022-1 |
| 050 ## - LIBRARY OF CONGRESS CALL NUMBER | |
| Classification number | TR 428.4 |
| Item number | C793M 2000 |
| 100 ## - MAIN ENTRY--PERSONAL NAME | |
| Personal name | Cooper-Trent, Jennifer |
| 245 ## - TITLE STATEMENT | |
| Title | Ma darns her sock : |
| Remainder of title | early reader No. 23 / |
| Statement of responsibility, etc | Jennifer Cooper-Trent. |
| 260 ## - PUBLICATION, DISTRIBUTION, ETC. (IMPRINT) | |
| Place of publication, distribution, etc | Philippines : |
| Name of publisher, distributor, etc | Soundscope Literature, |
| Date of publication, distribution, etc | [n.d.] |
| 300 ## - PHYSICAL DESCRIPTION | |
| Extent | 1 v. (unp.) : ill. ; cm. |
| 440 ## - SERIES STATEMENT/ADDED ENTRY--TITLE | |
| Title | Funtastic Phonics Series 2 |
| 500 ## - GENERAL NOTE | |
| General note | Series (1-20); Series (21-40); Series (41-60) |
| 650 ## - SUBJECT ADDED ENTRY--TOPICAL TERM | |
| Topical term or geographic name as entry element | Reading |
| General subdivision | Juvenile literature. |
| 650 ## - SUBJECT ADDED ENTRY--TOPICAL TERM | |
| Topical term or geographic name as entry element | Phonetics. |
| Withdrawn status | Lost status | Damaged status | Home library | Current library | Shelving location | Date acquired | Source of acquisition | Cost, normal purchase price | Total Checkouts | Full call number | Barcode | Date last seen | Price effective from | Koha item type |
|---|---|---|---|---|---|---|---|---|---|---|---|---|---|---|
| Munich Library | Munich Library | Teachers Reference Section | 05/26/2005 | 35.00 | TR 428.4 C793M 2000 | M4190 | 04/14/2014 | 04/14/2014 | Books |